00359nam a22001337a 450000500170000001000130001702000230003003500360005303700130008910000170010224500510011926000330017030000220020320181218163510.0 aB-218814 a8183820700c125.00 aB-218796 B-218813 B-218814 aDPLbENG aBilly, Chris aGrow rich with peach of mind /cby Chris Billy aNew DelhibLotus Pressc2006 av, 166p.c18 cms.